| 000 | 00386 a2200109 4500 | ||
|---|---|---|---|
| 001 | ART_46684 | ||
| 005 | 20260410162040.0 | ||
| 008 | 260409a | ||
| 245 | 1 | 0 | _aEfectos de la migración interna sobre el sistema de asentamientos humanos de América Latina y el Caribe |
| 100 | 1 | _aRodríguez Vignoli, Jorge | |
| 773 | 0 |
_tRevista Cepal _g- Nº 123 (dic. 2017) _wREV45125 |
|
| 999 |
_c34762 _d34762 |
||